Регионална библиотека "Любен Каравелов" - Русе

Пропаганда (Запис номер 372412)

MARC детайли
000 -Лидер
Контролно поле с фиксирана дължина 01273nam a22002777a 4500
003 - Код на организацията, давaща контролен номер
Контролно поле BLK
005 - Дата и час на последна редакция
Контролно поле 20250726095219.0
008 - Елементи от данни с фиксирана дължина
fixed length control field 200702b bu ||||| |||| 00| 0 bu d
022 ## - Международен стандартен номер на серия ISSN
Международният стандартен номер на серията ISSN 9786190104421
040 ## - Източник на каталожния запис
Идентификатор на билиотеката - собственик на записа BLK
041 ## - Код за език
Код за езика на текст/звукозапис или на отделно заглавие Български
Код за езика КДБФ Български
080 ## - УДК
Текстов определител УДК Обществено мнение. Отношение между власт и частни лица. Пропаганда
УДК код - определител по УДК 321.019.5
УДК - код + определител 321.019.5
100 ## - Редна дума - Автор
Автор Бернайс, Едуард Л.
Авторска отговорност първи автор
R(LIN) 1299
139 ## - Редно поле
Редна дума Бернайс, Едуард Л.
Авторски знак Берн - Б 39
245 ## - Сведения за заглавието
Заглавие Пропаганда
Редно поле (дума) Едуард Бернайс; прев. от англ. Денислав Йорданов.
260 ## - Област на издателските данни
9 (RLIN) 210881
Място на издаване, разпространение и проч. София
Име на издателя, разпространителя и проч. Изток-Запад
Година на издаване 2019
Издателство - префикс ISBN 978-619-01- ; 978-619-152- ; 978-954-321- ; 954-8945-
300 ## - Физическа характеристика
Страници 144 с.
Размери/Мащаб 22 см
380 ## - Жанр
Жанр Обществени науки
500 ## - Общи забележки
Забележка Ориг. загл.: Propaganda / Edward Bernays<br/>Биогр. данни за авт. отбелязани на гърба на кор.
650 #7 - Допълнително описание по предмет – тема
9 (RLIN) 168077
Основно описание – тема или топоним Пропаганда
653 #7 - Ключова дума – ненормативна
9 (RLIN) 194728
Ключова дума пропаганда
700 ## - Други автори (авторска отговорност)
9 (RLIN) 1021
Лично име Йорданов, Денислав
Автороска отговорност (Описва отношението между автора и произведението) прев. от англ.
852 ## - Местоположение
Форматна сигнатура Цб 299657
Фондова буква Хранилище
999 ## - СИСТЕМНИ КОНТРОЛНИ НОМЕРА
Koha biblionumber 372412
Koha biblioitemnumber 372412
942 ## - АРТИКУЛИ
Вид на библиотечния материал Книги
Скрит в OPAC Не
Периодичен библиозапис Да
Koha issues (borrowed), all copies 12
944 ## - СЪЗДАВАНЕ И РЕДАКЦИЯ на ЗАПИСА
Създаване/Редакция Създаване
Дата на регистрацията/редакция 2020-07-02
Служител, извършил регистрацията/редакцията 30575
Статус, дата на статуса Мартин Енчев
Наличности
Код за отписване Код за изгубен артикул Източник на класификационната схема Код за повреда Коз за рестрикции Код за отдаване Артикулен № Име на библиотеката - собственик Име на библиотеката, в която се намира в момента Статус (Текущо местоположение) Дата на вписване в системата Местоположение - отдел Цена в лева Инвентарен номер Систематично азбучна сигнатура Баркод Цена в евро Служебен тип на артикула
  Не е изгубен Universal Decimal Classification Не е повреден само за читалня ползва се в читалня 780492 Регионална библиотека "Любен Каравелов" Русе Регионална библиотека "Любен Каравелов" Русе Хранилище 2020-07-03 Хранилище 13.00 120000844380 Цб 299657 120000844380 6.65 Книги
  Не е изгубен Universal Decimal Classification Не е повреден без рестрикции заемане за дома 799358 Регионална библиотека "Любен Каравелов" Русе Регионална библиотека "Любен Каравелов" Русе Заемна - подръчен фонд 2020-09-17 Заемна - подръчен фонд 9.10   32/Б 39 Е 120000846681 4.65 Книги
  Не е изгубен Universal Decimal Classification Не е повреден без рестрикции заемане за дома 799359 Регионална библиотека "Любен Каравелов" Русе Регионална библиотека "Любен Каравелов" Русе Заемна - подръчен фонд 2020-09-17 Заемна - подръчен фонд 9.10   32/Б 39 Е 120000846682 4.65 Книги
  Не е изгубен Universal Decimal Classification Не е повреден без рестрикции заемане за дома 799360 Регионална библиотека "Любен Каравелов" Русе Регионална библиотека "Любен Каравелов" Русе Заемна - подръчен фонд 2020-09-17 Заемна - подръчен фонд 9.10   32/Б 39 Е 120000846680 4.65 Книги
Vip Innovations Ltd, Rousse, Bulgaria 2025